000 00825nam a2200241 a 4500
001 BRCA_8545
005 20190320210327.0
008 120816s2015----mx-a######---#000-0#spa-#
020 _a9786074173239
041 _aspa
044 _amx
050 4 _aNK844
_b.I43 2015
245 1 0 _aImaginarios de lo popular
_bacciones, reflexiones y refiguraciones
_cJohanna C. Ángel Reyes, Karen Cordero Reiman, compiladoras.
260 _aMéxico
_bUniversidad Iberoamericana
_c2015
300 _a179 p.
_bil.
_c23 cm.
504 _aIncluye referencias bibliográficas
650 1 4 _aArte popular
_xAspectos sociales
_zMéxico
_921417
650 1 4 _aCultura
_xAspectos sociales
_921418
650 1 4 _aIdentidad (Arte)
_921419
700 1 _aÁngel Reyes, Johanna C.
_ecomp.
_921420
700 1 _aCordero, Karen
_ecomp.
_95027
942 _2lcc
_cB
999 _c8208
_d8208